[Event "20. Open d'escacs de Sants 2018"]
[Site "Barcelona ESP"]
[Date "2018.08.18"]
[Round "2.1"]
[White "HAAG, Gregor"]
[Black "DEMCHENKO, Anton"]
[Result "0-1"]
[WhiteElo "2298"]
[BlackElo "2670"]
[PlyCount "114"]
[EventDate "2018.08.17"]
[EventType "swiss"]
[EventRounds "10"]
[EventCountry "ESP"]
[SourceTitle "Ajedrez en Madrid"]
[Source "lmi"]
[SourceDate "2018.08.17"]
[SourceVersion "1"]
[SourceVersionDate "2019.07.10"]
[SourceQuality "1"]

1. d4 Nf6 2. c4 g6 3. Nc3 Bg7 4. e4 d6 5. Be2 O-O 6. Nf3 Nbd7 7. O-O e5 8. Be3
c6 9. d5 c5 10. Ne1 Kh8 11. Nd3 Ng8 12. b4 b6 13. b5 f5 14. f3 f4 15. Bf2 h5
16. a4 Ndf6 17. a5 Rb8 18. axb6 axb6 19. Ra7 g5 20. Qa4 Nh7 21. Ra1 g4 22. Qd1
Nh6 23. Kh1 Bd7 24. Qe1 Rf7 25. Bh4 Ng5 26. Nf2 Bf6 27. Qd1 Nh7 28. Bxf6+ Nxf6
29. Nd3 Rg7 30. Qe1 Nh7 31. R1a2 g3 32. Qa1 Qh4 33. Qg1 Ng5 34. Bf1 Rbg8 35.
Ra8 Bc8 36. R8a7 Nxf3 37. gxf3 gxh2 38. Qxg7+ Rxg7 39. Rxg7 Kxg7 40. Rxh2 Qe7
41. Rxh5 Qa7 42. Nd1 Nf7 43. Kg1 Kg6 44. Rh2 Ng5 45. Be2 Bd7 46. Kf2 Qa1 47.
N3b2 Qc1 48. Ke1 Qc2 49. Rh8 Bh3 50. Rg8+ Kf6 51. Rf8+ Kg7 52. Ra8 Qb3 53. Ra7+
Kf6 54. Ra6 Nxf3+ 55. Bxf3 Qxf3 56. Rxb6 Qxe4+ 57. Kd2 Qg2+ 0-1

[Event "20. Open d'escacs de Sants 2018"]
[Site "Barcelona ESP"]
[Date "2018.08.18"]
[Round "2.2"]
[White "SWIERCZ, Dariusz"]
[Black "NAPOLI, Nicolo"]
[Result "1/2-1/2"]
[WhiteElo "2669"]
[BlackElo "2295"]
[PlyCount "44"]
[EventDate "2018.08.17"]
[EventType "swiss"]
[EventRounds "10"]
[EventCountry "ESP"]
[SourceTitle "Ajedrez en Madrid"]
[Source "lmi"]
[SourceDate "2018.08.17"]
[SourceVersion "1"]
[SourceVersionDate "2019.07.10"]
[SourceQuality "1"]

1. d4 Nf6 2. Nf3 e6 3. c4 Bb4+ 4. Nbd2 b6 5. a3 Bxd2+ 6. Qxd2 O-O 7. e3 Bb7 8.
Be2 d6 9. O-O Nbd7 10. b4 Qe7 11. Bb2 Ne4 12. Qc2 f5 13. Rad1 Ng5 14. d5 Nxf3+
15. Bxf3 e5 16. Rc1 Qg5 17. Qa4 Rf7 18. Be2 a5 19. Qb3 f4 20. exf4 exf4 21.
Rce1 axb4 22. axb4 b5 1/2-1/2

[Event "20. Open d'escacs de Sants 2018"]
[Site "Barcelona ESP"]
[Date "2018.08.18"]
[Round "2.3"]
[White "CRUZ, Filemon"]
[Black "NISIPEANU, Liviu-Dieter"]
[Result "0-1"]
[WhiteElo "2295"]
[BlackElo "2657"]
[PlyCount "76"]
[EventDate "2018.08.17"]
[EventType "swiss"]
[EventRounds "10"]
[EventCountry "ESP"]
[SourceTitle "Ajedrez en Madrid"]
[Source "lmi"]
[SourceDate "2018.08.17"]
[SourceVersion "1"]
[SourceVersionDate "2019.07.10"]
[SourceQuality "1"]

1. d4 d5 2. c4 e6 3. Nc3 Bb4 4. e3 Nf6 5. Nf3 O-O 6. a3 Bxc3+ 7. bxc3 c5 8. Bb2
Nc6 9. Qc2 Na5 10. Nd2 dxc4 11. Nxc4 cxd4 12. cxd4 Bd7 13. Nxa5 Qxa5+ 14. Bc3
Qd5 15. Qa2 Qe4 16. Bd2 Rfc8 17. f3 Qh4+ 18. g3 Qh5 19. Bg2 Ba4 20. Qb1 Rc2 21.
Ra2 Rxa2 22. Qxa2 Rc8 23. Qb1 Qb5 24. Qxb5 Bxb5 25. Bf1 Bxf1 26. Rxf1 Rc2 27.
Ke2 Ra2 28. e4 h5 29. Rc1 g5 30. Ke1 g4 31. Bg5 Kg7 32. d5 gxf3 33. d6 Re2+ 34.
Kf1 Ng4 35. d7 Nxh2+ 36. Kg1 f2+ 37. Kh1 Re1+ 38. Kxh2 f1=Q 0-1

[Event "20. Open d'escacs de Sants 2018"]
[Site "Barcelona ESP"]
[Date "2018.08.18"]
[Round "2.4"]
[White "GLEDURA, Benjamin"]
[Black "FLICK, Antoine"]
[Result "1-0"]
[WhiteElo "2626"]
[BlackElo "2288"]
[PlyCount "97"]
[EventDate "2018.08.17"]
[EventType "swiss"]
[EventRounds "10"]
[EventCountry "ESP"]
[SourceTitle "Ajedrez en Madrid"]
[Source "lmi"]
[SourceDate "2018.08.17"]
[SourceVersion "1"]
[SourceVersionDate "2019.07.10"]
[SourceQuality "1"]

1. e4 c5 2. Nf3 Nc6 3. d4 cxd4 4. Nxd4 e5 5. Nb5 d6 6. N1c3 a6 7. Na3 Be7 8.
Nc4 b5 9. Ne3 Nf6 10. g3 O-O 11. Bg2 b4 12. Ncd5 Nxd5 13. exd5 Nd4 14. a3 bxa3
15. Rxa3 f5 16. c3 Nb5 17. Ra4 f4 18. Nc4 Bf5 19. O-O Bg5 20. Nd2 Bd3 21. Ne4
Bxf1 22. Bxf1 Be7 23. Qg4 Qe8 24. gxf4 exf4 25. Bxf4 Kh8 26. Bg3 Nc7 27. Nxd6
Bxd6 28. Bxd6 Rf6 29. Bxc7 Rg6 30. Bg3 Rxg4 31. Rxg4 Qd7 32. Rd4 a5 33. d6 Re8
34. Rd1 h5 35. f3 g5 36. Rd5 h4 37. Bb5 Qf7 38. d7 Rd8 39. Be5+ Kh7 40. Bd3+
Kh6 41. Rd6+ Kh5 42. Rf6 Qxf6 43. Bxf6 Rxd7 44. Bf1 Rd2 45. c4 a4 46. h3 Kh6
47. c5 Rc2 48. Bd4 Rd2 49. c6 1-0

[Event "20. Open d'escacs de Sants 2018"]
[Site "Barcelona ESP"]
[Date "2018.08.18"]
[Round "2.5"]
[White "PALTRINIERI, Nicholas"]
[Black "ILLESCAS CORDOBA, Miguel"]
[Result "1-0"]
[WhiteElo "2288"]
[BlackElo "2605"]
[PlyCount "69"]
[EventDate "2018.08.17"]
[EventType "swiss"]
[EventRounds "10"]
[EventCountry "ESP"]
[SourceTitle "Ajedrez en Madrid"]
[Source "lmi"]
[SourceDate "2018.08.17"]
[SourceVersion "1"]
[SourceVersionDate "2019.07.10"]
[SourceQuality "1"]

1. d4 Nf6 2. Bg5 d5 3. Bxf6 exf6 4. e3 Nd7 5. g3 Nb6 6. Bg2 h5 7. h4 Bg4 8. Ne2
Qd7 9. b3 a5 10. a4 c6 11. c3 g6 12. Nd2 Bh6 13. Rc1 O-O 14. O-O Rfe8 15. Re1
Nc8 16. c4 Nd6 17. Qc2 dxc4 18. bxc4 Bxe2 19. Rxe2 Qc7 20. c5 Nf5 21. Ne4 Kg7
22. Rb1 Rab8 23. Qc3 Re6 24. Reb2 Rxe4 25. Bxe4 Nxg3 26. Qd3 Nxe4 27. Qxe4 Qd7
28. Qf3 f5 29. Rb6 f4 30. exf4 Qxd4 31. f5 Qxh4 32. fxg6 Qg5+ 33. Qg2 Qe7 34.
Qg3 Qe4 35. gxf7+ 1-0

[Event "20. Open d'escacs de Sants 2018"]
[Site "Barcelona ESP"]
[Date "2018.08.18"]
[Round "2.6"]
[White "PETROV, Nikita"]
[Black "SERESIN, Francesco"]
[Result "1-0"]
[WhiteElo "2591"]
[BlackElo "2279"]
[PlyCount "57"]
[EventDate "2018.08.17"]
[EventType "swiss"]
[EventRounds "10"]
[EventCountry "ESP"]
[SourceTitle "Ajedrez en Madrid"]
[Source "lmi"]
[SourceDate "2018.08.17"]
[SourceVersion "1"]
[SourceVersionDate "2019.07.10"]
[SourceQuality "1"]

1. Nf3 Nf6 2. d4 g6 3. Bg5 Bg7 4. Nbd2 O-O 5. c3 d5 6. e3 Nbd7 7. Be2 c6 8. O-O
Re8 9. c4 h6 10. Bh4 Qb6 11. Qa4 Ne4 12. cxd5 Nxd2 13. Nxd2 cxd5 14. Bb5 Qd8
15. Qa3 a6 16. Rac1 Rb8 17. Be2 b5 18. Nb3 Bb7 19. Na5 Ba8 20. Nc6 Bxc6 21.
Rxc6 a5 22. Rfc1 Rb7 23. Qb3 g5 24. Bg3 e6 25. Bxb5 Qa8 26. Qa4 Rd8 27. Ra6 Ra7
28. Rxa7 Qxa7 29. Rc7 1-0

[Event "20. Open d'escacs de Sants 2018"]
[Site "Barcelona ESP"]
[Date "2018.08.18"]
[Round "2.7"]
[White "POVILL CLAROS, Xavier"]
[Black "HEIMANN, Andreas"]
[Result "0-1"]
[WhiteElo "2277"]
[BlackElo "2590"]
[PlyCount "69"]
[EventDate "2018.08.17"]
[EventType "swiss"]
[EventRounds "10"]
[EventCountry "ESP"]
[SourceTitle "Ajedrez en Madrid"]
[Source "lmi"]
[SourceDate "2018.08.17"]
[SourceVersion "1"]
[SourceVersionDate "2019.07.10"]
[SourceQuality "1"]

1. e4 c5 2. Nf3 d6 3. d4 cxd4 4. Nxd4 Nf6 5. Nc3 a6 6. f3 e5 7. Nb3 Be6 8. Be3
h5 9. Nd5 Bxd5 10. exd5 Nbd7 11. Qd2 g6 12. Be2 Bg7 13. Na5 Qc7 14. O-O e4 15.
c4 exf3 16. Bxf3 O-O 17. b4 Ne5 18. Rac1 Rfe8 19. Bd4 Rad8 20. Nb3 Qd7 21. Qc3
Nh7 22. Rce1 Rc8 23. Nd2 Re7 24. Bd1 Rce8 25. Kh1 Nf6 26. Bb3 Nfg4 27. Ne4 Nxh2
28. Kxh2 Ng4+ 29. Kg1 Bxd4+ 30. Qxd4 f5 31. Qf6 fxe4 32. Qxg6+ Rg7 33. Qf5 Qd8
34. Rxe4 Ne3 35. Rxe3 0-1

[Event "20. Open d'escacs de Sants 2018"]
[Site "Barcelona ESP"]
[Date "2018.08.18"]
[Round "2.8"]
[White "MARTINEZ FERNANDEZ, Adrian"]
[Black "ESIPENKO, Andrey"]
[Result "0-1"]
[WhiteElo "2268"]
[BlackElo "2589"]
[PlyCount "118"]
[EventDate "2018.08.17"]
[EventType "swiss"]
[EventRounds "10"]
[EventCountry "ESP"]
[SourceTitle "Ajedrez en Madrid"]
[Source "lmi"]
[SourceDate "2018.08.17"]
[SourceVersion "1"]
[SourceVersionDate "2019.07.10"]
[SourceQuality "1"]

1. e4 c5 2. Nf3 d6 3. d4 cxd4 4. Nxd4 Nf6 5. Nc3 a6 6. Be3 e5 7. Nb3 Be7 8. f3
Be6 9. Qd2 Nbd7 10. O-O-O O-O 11. g4 b5 12. g5 Nh5 13. Nd5 Bxd5 14. exd5 f6 15.
gxf6 Bxf6 16. Na5 Nf4 17. Nc6 Qe8 18. Bd3 Bg5 19. Kb1 Kh8 20. Be4 Nf6 21. Rhg1
Bh6 22. Bxf4 Bxf4 23. Qb4 Qd7 24. a4 Be3 25. Rge1 Bc5 26. Qb3 Qh3 27. axb5 axb5
28. Qxb5 Nxe4 29. fxe4 Qxh2 30. Qc4 Qg2 31. Rf1 Bb6 32. Qb5 Be3 33. Qd3 Bc5 34.
Qc4 Qh3 35. Rh1 Qg3 36. Rd3 Qg2 37. Rdh3 h6 38. R3h2 Qf3 39. Rh3 Qf6 40. Rh5
Qf3 41. R5h3 Qg4 42. Rh4 Qd7 43. Qb3 Rf6 44. Qc4 Qf7 45. Qd3 Rf3 46. Qc4 Kh7
47. R4h3 Rf4 48. b4 Bb6 49. Kb2 Qg6 50. Re1 Bf2 51. Re2 Qg1 52. Ra3 Rxa3 53.
Kxa3 Qa1+ 54. Kb3 Rf3+ 55. c3 Be1 56. Rxe1 Qxe1 57. b5 Rf2 58. Nb4 Qb1+ 59. Ka4
Qa1+ 0-1

[Event "20. Open d'escacs de Sants 2018"]
[Site "Barcelona ESP"]
[Date "2018.08.18"]
[Round "2.9"]
[White "HEINEMANN, Josefine"]
[Black "SVETUSHKIN, Dmitry"]
[Result "1/2-1/2"]
[WhiteElo "2261"]
[BlackElo "2580"]
[PlyCount "157"]
[EventDate "2018.08.17"]
[EventType "swiss"]
[EventRounds "10"]
[EventCountry "ESP"]
[SourceTitle "Ajedrez en Madrid"]
[Source "lmi"]
[SourceDate "2018.08.17"]
[SourceVersion "1"]
[SourceVersionDate "2019.07.10"]
[SourceQuality "1"]

1. e4 g6 2. d4 Bg7 3. Nc3 c6 4. Bc4 d6 5. Nf3 Nf6 6. Bb3 O-O 7. O-O Bg4 8. h3
Bxf3 9. Qxf3 Nbd7 10. Be3 e5 11. Rad1 Qe7 12. Rfe1 Nh5 13. Qe2 exd4 14. Bxd4
Nf4 15. Qg4 Bxd4 16. Rxd4 Qe5 17. Qd1 h5 18. Ne2 Nxe2+ 19. Rxe2 Nb6 20. Rxd6
Kg7 21. c3 Rae8 22. Qd4 f5 23. Re3 f4 24. Qxe5+ Rxe5 25. Re1 f3 26. gxf3 Rxf3
27. Kg2 Rf8 28. Re3 h4 29. Re6 Nd7 30. Re2 Rg5+ 31. Kf1 Ne5 32. Re3 b5 33. a3
a5 34. a4 b4 35. Re7+ Kh6 36. Be6 Rg3 37. Rxg3 hxg3 38. f4 Rxf4+ 39. Kg2 bxc3
40. bxc3 Kg5 41. Bd5 Nf3 42. Bxc6 Nh4+ 43. Kxg3 Rf3+ 44. Kh2 Rxc3 45. Bb5 Rc2+
46. Kg1 Kf4 47. Rd7 Nf3+ 48. Kf1 Ne5 49. Re7 Rh2 50. Bd7 Ra2 51. Bb5 Rh2 52.
Bd7 g5 53. Bg4 Ra2 54. Bd1 Ra3 55. Rh7 Ra1 56. Ke2 Ra2+ 57. Kf1 Ke3 58. Re7 Nd3
59. Bg4 Rxa4 60. e5 Ra1+ 61. Kg2 Ra2+ 62. Kg1 Kf4 63. e6 Kg3 64. Kf1 Rf2+ 65.
Kg1 Rb2 66. Kf1 Rf2+ 67. Kg1 Ra2 68. Kf1 Nf4 69. Ke1 Ng2+ 70. Kd1 Ne3+ 71. Ke1
Nxg4 72. hxg4 Ra4 73. Ra7 Rxg4 74. Rxa5 Re4+ 75. Kf1 g4 76. Ra1 Kh2 77. Ra2+
Kh1 78. Kf2 Kh2 79. Kf1+ 1/2-1/2

[Event "20. Open d'escacs de Sants 2018"]
[Site "Barcelona ESP"]
[Date "2018.08.18"]
[Round "2.10"]
[White "CRUZ, Cristhian"]
[Black "STIJVE, Theo"]
[Result "1-0"]
[WhiteElo "2571"]
[BlackElo "2259"]
[PlyCount "61"]
[EventDate "2018.08.17"]
[EventType "swiss"]
[EventRounds "10"]
[EventCountry "ESP"]
[SourceTitle "Ajedrez en Madrid"]
[Source "lmi"]
[SourceDate "2018.08.17"]
[SourceVersion "1"]
[SourceVersionDate "2019.07.10"]
[SourceQuality "1"]

1. d4 Nf6 2. c4 e6 3. Nc3 d5 4. Nf3 Be7 5. Bg5 O-O 6. e3 Nbd7 7. Rc1 a6 8. cxd5
exd5 9. Bd3 Re8 10. O-O c6 11. Qc2 Nf8 12. h3 Bd6 13. Rfe1 Ng6 14. e4 dxe4 15.
Nxe4 Be7 16. Bxf6 Bxf6 17. Nxf6+ gxf6 18. Re3 Be6 19. Rce1 Qd7 20. Nd2 Rad8 21.
Ne4 Qxd4 22. Nc5 Kg7 23. Nxb7 Rb8 24. Bxa6 Qb6 25. Nc5 Qxb2 26. Qa4 Rb6 27. Bc4
Nf8 28. Bxe6 Nxe6 29. Qg4+ Kh8 30. Rg3 Qb4 31. Rxe6 1-0

[Event "20. Open d'escacs de Sants 2018"]
[Site "Barcelona ESP"]
[Date "2018.08.18"]
[Round "2.11"]
[White "GOMEZ JURADO, Luis Alberto"]
[Black "MOUSSARD, Jules"]
[Result "0-1"]
[WhiteElo "2256"]
[BlackElo "2566"]
[PlyCount "112"]
[EventDate "2018.08.17"]
[EventType "swiss"]
[EventRounds "10"]
[EventCountry "ESP"]
[SourceTitle "Ajedrez en Madrid"]
[Source "lmi"]
[SourceDate "2018.08.17"]
[SourceVersion "1"]
[SourceVersionDate "2019.07.10"]
[SourceQuality "1"]

1. c4 d6 2. Nc3 Nf6 3. g3 g6 4. Bg2 Bg7 5. e4 c5 6. Nge2 Nc6 7. d3 O-O 8. O-O
a6 9. h3 Rb8 10. a4 Ne8 11. Be3 Nd4 12. Rb1 Nxe2+ 13. Nxe2 a5 14. d4 cxd4 15.
Nxd4 Nc7 16. Nb5 Na6 17. Ba7 Ra8 18. Bd4 Be6 19. Bxg7 Kxg7 20. Qd4+ f6 21. f4
Qc8 22. f5 Bf7 23. fxg6 hxg6 24. Nxd6 exd6 25. Qxf6+ Kg8 26. Qxd6 Qc5+ 27. Qxc5
Nxc5 28. b3 Rfe8 29. Rfe1 Rad8 30. Re3 Re5 31. g4 Kg7 32. Kh2 g5 33. Kg3 Bg6
34. h4 gxh4+ 35. Kxh4 Rd2 36. Kg3 Kf6 37. b4 axb4 38. Rxb4 Kg5 39. a5 Ra2 40.
Rb5 Be8 41. Rb1 Rxa5 42. Rh1 Ra4 43. Rh8 Rxc4 44. Rg8+ Bg6 45. Rf3 Nxe4+ 46.
Kh2 Nf6 47. Rg7 Nxg4+ 48. Kg3 Ne3 49. Bh3 b5 50. Kf2 Rc2+ 51. Kg1 Kh6 52. Rg8
Rg5+ 53. Kh1 Be4 54. Rh8+ Kg7 55. Rh7+ Kxh7 56. Bf5+ Rxf5 0-1

[Event "20. Open d'escacs de Sants 2018"]
[Site "Barcelona ESP"]
[Date "2018.08.18"]
[Round "2.14"]
[White "VOLKOV, Sergey"]
[Black "SERRA PAGES, Jordi"]
[Result "1-0"]
[WhiteElo "2557"]
[BlackElo "2251"]
[PlyCount "42"]
[EventDate "2018.08.17"]
[EventType "swiss"]
[EventRounds "10"]
[EventCountry "ESP"]
[SourceTitle "Ajedrez en Madrid"]
[Source "lmi"]
[SourceDate "2018.08.17"]
[SourceVersion "1"]
[SourceVersionDate "2019.07.10"]
[SourceQuality "1"]

1. d4 Nf6 2. c4 e6 3. Nc3 d5 4. cxd5 Nxd5 5. e4 Nxc3 6. bxc3 c5 7. Rb1 cxd4 8.
cxd4 Qa5+ 9. Bd2 Qxa2 10. Nf3 Be7 11. Ne5 O-O 12. Nc4 Qa6 13. Nb6 Qxb6 14. Rxb6
axb6 15. Bc4 Nc6 16. d5 Ne5 17. Bb3 Nd3+ 18. Ke2 Nc5 19. Re1 Nxe4 20. Kf1 Nxd2+
21. Qxd2 Bc5 1-0

[Event "20. Open d'escacs de Sants 2018"]
[Site "Barcelona ESP"]
[Date "2018.08.18"]
[Round "2.15"]
[White "MATANOVIC, Luka"]
[Black "PERALTA, Fernando"]
[Result "0-1"]
[WhiteElo "2251"]
[BlackElo "2556"]
[PlyCount "66"]
[EventDate "2018.08.17"]
[EventType "swiss"]
[EventRounds "10"]
[EventCountry "ESP"]
[SourceTitle "Ajedrez en Madrid"]
[Source "lmi"]
[SourceDate "2018.08.17"]
[SourceVersion "1"]
[SourceVersionDate "2019.07.10"]
[SourceQuality "1"]

1. e4 d6 2. d4 Nf6 3. Bd3 e5 4. c3 d5 5. dxe5 Nxe4 6. Nf3 Nc6 7. Nbd2 Nc5 8.
Bb1 g6 9. b4 Ne6 10. b5 Ne7 11. Nb3 Bg7 12. O-O O-O 13. a4 a6 14. Ba3 Bd7 15.
Qe2 axb5 16. axb5 Nf4 17. Qe3 Bh6 18. Kh1 Kg7 19. Rd1 Bxb5 20. Nfd4 Bc4 21. Qf3
f6 22. g3 Bxb3 23. gxf4 Bxd1 24. Qxd1 Qd7 25. e6 Qd8 26. f5 c5 27. fxg6 cxd4
28. gxh7 dxc3 29. h8=Q+ Rxh8 30. Qg4+ Bg5 31. f4 Qc7 32. Bxe7 Rxh2+ 33. Kxh2
Qxf4+ 0-1

[Event "20. Open d'escacs de Sants 2018"]
[Site "Barcelona ESP"]
[Date "2018.08.18"]
[Round "2.16"]
[White "JIMENEZ RUANO, Adrian"]
[Black "MORONI, Luca Jr"]
[Result "0-1"]
[WhiteElo "2244"]
[BlackElo "2547"]
[PlyCount "70"]
[EventDate "2018.08.17"]
[EventType "swiss"]
[EventRounds "10"]
[EventCountry "ESP"]
[SourceTitle "Ajedrez en Madrid"]
[Source "lmi"]
[SourceDate "2018.08.17"]
[SourceVersion "1"]
[SourceVersionDate "2019.07.10"]
[SourceQuality "1"]

1. d4 d5 2. c4 e6 3. Nc3 Nf6 4. cxd5 exd5 5. Bg5 c6 6. e3 Nbd7 7. Bd3 Be7 8.
Nge2 O-O 9. O-O Re8 10. Qc2 Nf8 11. Rad1 g6 12. Rfe1 Ne6 13. Bh4 b5 14. e4 dxe4
15. Nxe4 Bb7 16. Bxf6 Bxf6 17. d5 cxd5 18. Bxb5 Rf8 19. Nxf6+ Qxf6 20. Qd2 d4
21. Bc4 Rad8 22. Qb4 Ba8 23. Bxe6 fxe6 24. f3 e5 25. Ng3 Bd5 26. b3 g5 27. Ne4
Qg7 28. Qd2 g4 29. fxg4 Rf4 30. Nf2 Rdf8 31. Qa5 Ba8 32. Re2 Qf6 33. g5 Qf7 34.
Qd2 d3 35. Qxf4 Qxf4 0-1

[Event "20. Open d'escacs de Sants 2018"]
[Site "Barcelona ESP"]
[Date "2018.08.18"]
[Round "2.17"]
[White "QUESADA PEREZ, Yasser"]
[Black "GONZALEZ RODRIGUEZ, Jorge A."]
[Result "1-0"]
[WhiteElo "2534"]
[BlackElo "2250"]
[PlyCount "55"]
[EventDate "2018.08.17"]
[EventType "swiss"]
[EventRounds "10"]
[EventCountry "ESP"]
[SourceTitle "Ajedrez en Madrid"]
[Source "lmi"]
[SourceDate "2018.08.17"]
[SourceVersion "1"]
[SourceVersionDate "2019.07.10"]
[SourceQuality "1"]

1. e4 e6 2. d3 d5 3. Nd2 b6 4. Ngf3 Bb7 5. g3 c5 6. Bg2 Nf6 7. e5 Nfd7 8. O-O
Nc6 9. Re1 b5 10. c4 bxc4 11. dxc4 d4 12. Ne4 h6 13. h4 Qb6 14. Bf4 O-O-O 15.
Rb1 a5 16. a3 Be7 17. Qa4 Rhe8 18. Rec1 f5 19. exf6 Nxf6 20. Nxf6 Bxf6 21. Qb5
Qa7 22. Bh3 Kd7 23. Re1 Ba6 24. Qa4 Qb6 25. Ne5+ Bxe5 26. Bxe5 Re7 27. b4 Ke8
28. bxa5 1-0

[Event "20. Open d'escacs de Sants 2018"]
[Site "Barcelona ESP"]
[Date "2018.08.18"]
[Round "2.18"]
[White "KOKJE, Joris"]
[Black "SVIRIDOV, Valery"]
[Result "0-1"]
[WhiteElo "2235"]
[BlackElo "2528"]
[PlyCount "32"]
[EventDate "2018.08.17"]
[EventType "swiss"]
[EventRounds "10"]
[EventCountry "ESP"]
[SourceTitle "Ajedrez en Madrid"]
[Source "lmi"]
[SourceDate "2018.08.17"]
[SourceVersion "1"]
[SourceVersionDate "2019.07.10"]
[SourceQuality "1"]

1. d4 Nf6 2. c4 e6 3. Nf3 d5 4. g3 Bb4+ 5. Bd2 Be7 6. Bg2 O-O 7. O-O Nbd7 8.
Na3 c6 9. Qc2 Ne4 10. Bf4 g5 11. Bd2 f5 12. Ne5 Nxe5 13. dxe5 Nxd2 14. Qxd2 f4
15. Nc2 Qb6 16. Qd4 dxc4 0-1

[Event "20. Open d'escacs de Sants 2018"]
[Site "Barcelona ESP"]
[Date "2018.08.18"]
[Round "2.19"]
[White "VETOSHKO, Volodymyr"]
[Black "CHAVEZ, Ricardo Ernesto"]
[Result "1-0"]
[WhiteElo "2525"]
[BlackElo "2244"]
[PlyCount "41"]
[EventDate "2018.08.17"]
[EventType "swiss"]
[EventRounds "10"]
[EventCountry "ESP"]
[SourceTitle "Ajedrez en Madrid"]
[Source "lmi"]
[SourceDate "2018.08.17"]
[SourceVersion "1"]
[SourceVersionDate "2019.07.10"]
[SourceQuality "1"]

1. e4 c5 2. Nf3 e6 3. d4 cxd4 4. Nxd4 a6 5. c4 Nf6 6. Nc3 Bb4 7. Qf3 Qc7 8. a3
Bxc3+ 9. Qxc3 O-O 10. Bd3 d6 11. Bg5 Nbd7 12. O-O b6 13. f4 Bb7 14. Rac1 Nc5
15. Bxf6 gxf6 16. Bb1 Rac8 17. e5 dxe5 18. Bxh7+ Kh8 19. Qh3 Kg7 20. Qg4+ Kh8
21. Rc3 1-0

[Event "20. Open d'escacs de Sants 2018"]
[Site "Barcelona ESP"]
[Date "2018.08.18"]
[Round "2.20"]
[White "HRISTODORESCU, Daniel"]
[Black "ZANAN, Evgeny"]
[Result "1/2-1/2"]
[WhiteElo "2233"]
[BlackElo "2512"]
[PlyCount "122"]
[EventDate "2018.08.17"]
[EventType "swiss"]
[EventRounds "10"]
[EventCountry "ESP"]
[SourceTitle "Ajedrez en Madrid"]
[Source "lmi"]
[SourceDate "2018.08.17"]
[SourceVersion "1"]
[SourceVersionDate "2019.07.10"]
[SourceQuality "1"]

1. e4 e5 2. Nf3 Nc6 3. Bc4 Nf6 4. d3 h6 5. O-O d6 6. c3 g5 7. Re1 Bg7 8. d4 Bg4
9. dxe5 Nxe5 10. Be2 Bxf3 11. Bxf3 Qd7 12. Na3 O-O-O 13. Nc2 Rde8 14. h3 g4 15.
hxg4 Nfxg4 16. Be2 h5 17. Nd4 Bh6 18. Bb5 c6 19. Bf1 Bxc1 20. Qxc1 Ng6 21. f3
N4e5 22. Qg5 Ne7 23. Rad1 h4 24. Qe3 Kb8 25. Rd2 f5 26. f4 N5g6 27. e5 Nd5 28.
e6 Qd8 29. Qf2 Qf6 30. Nb5 Nb6 31. Nxd6 Rxe6 32. Red1 Rd8 33. Nc4 Rxd2 34. Qxd2
Nd5 35. Na5 Qe7 36. Nb3 Ndxf4 37. Nd4 Re5 38. Qf2 Qg5 39. Kh2 Rd5 40. Re1 Rd8
41. b4 Qf6 42. a4 Rf8 43. a5 Qd6 44. Kg1 a6 45. Nf3 Nd5 46. Qd4 Rd8 47. Rd1 h3
48. c4 hxg2 49. Bxg2 Ngf4 50. Bf1 Ne6 51. Qh4 Rg8+ 52. Kf2 Rg4 53. Qh8+ Ka7 54.
Ne5 Rf4+ 55. Kg1 Ng5 56. cxd5 Qxe5 57. Qxe5 Nf3+ 58. Kg2 Nxe5 59. Re1 Re4 60.
Rxe4 fxe4 61. d6 Kb8 1/2-1/2

[Event "20. Open d'escacs de Sants 2018"]
[Site "Barcelona ESP"]
[Date "2018.08.18"]
[Round "2.21"]
[White "KARTHIK, Venkataraman"]
[Black "CUADRAS AVELLANA, Jordi"]
[Result "1-0"]
[WhiteElo "2502"]
[BlackElo "2240"]
[PlyCount "111"]
[EventDate "2018.08.17"]
[EventType "swiss"]
[EventRounds "10"]
[EventCountry "ESP"]
[SourceTitle "Ajedrez en Madrid"]
[Source "lmi"]
[SourceDate "2018.08.17"]
[SourceVersion "1"]
[SourceVersionDate "2019.07.10"]
[SourceQuality "1"]

1. e4 c5 2. Nf3 e6 3. d4 cxd4 4. Nxd4 Nc6 5. Nc3 Qc7 6. Qd3 a6 7. Nxc6 bxc6 8.
Qg3 Qxg3 9. hxg3 d5 10. Na4 Bb7 11. Bf4 Rd8 12. Bc7 Rc8 13. Bf4 Rd8 14. Nb6
Bb4+ 15. c3 Ba5 16. Na4 Ra8 17. b4 Bd8 18. c4 Nf6 19. Nc5 Bc8 20. exd5 exd5 21.
O-O-O O-O 22. Bd3 dxc4 23. Bxc4 a5 24. Bd6 Re8 25. b5 Bf5 26. bxc6 Rc8 27. Ba6
Rxc6 28. Bb5 Rc8 29. Kb2 Ne4 30. Bxe8 Bf6+ 31. Kb3 Nxd6 32. Rxd6 Rxc5 33. Re1
Bc2+ 34. Ka3 Rc3+ 35. Kb2 Rc8+ 36. Rxf6 gxf6 37. Bb5 Bf5 38. Re8+ Rxe8 39. Bxe8
Kf8 40. Bb5 Ke7 41. Kb3 Kd6 42. Ka4 Be6 43. a3 Bd5 44. f3 f5 45. Kxa5 Kc5 46.
Bd3 f4 47. gxf4 h5 48. Ka6 h4 49. a4 Bc6 50. Bb5 Bd5 51. a5 f6 52. Bd3 Kd6 53.
Bf5 Kc5 54. Ka7 Kb5 55. a6 Ka5 56. Bc8 1-0

[Event "20. Open d'escacs de Sants 2018"]
[Site "Barcelona ESP"]
[Date "2018.08.18"]
[Round "2.22"]
[White "VATSAL, Singhania"]
[Black "DIERMAIR, Andreas"]
[Result "0-1"]
[WhiteElo "2228"]
[BlackElo "2501"]
[PlyCount "78"]
[EventDate "2018.08.17"]
[EventType "swiss"]
[EventRounds "10"]
[EventCountry "ESP"]
[SourceTitle "Ajedrez en Madrid"]
[Source "lmi"]
[SourceDate "2018.08.17"]
[SourceVersion "1"]
[SourceVersionDate "2019.07.10"]
[SourceQuality "1"]

1. d4 Nf6 2. Nf3 c5 3. c4 cxd4 4. Nxd4 Nc6 5. Nc3 e6 6. Ndb5 d6 7. e4 a6 8. Na3
Be7 9. Be2 O-O 10. O-O b6 11. Be3 Bb7 12. f3 Ne5 13. Rc1 Re8 14. Qd4 Ned7 15.
b4 a5 16. bxa5 d5 17. Nab5 e5 18. Qd2 d4 19. Nxd4 exd4 20. Bxd4 Rxa5 21. Nd5
Bc5 22. Bxc5 Nxc5 23. Rb1 Nxd5 24. cxd5 Qd6 25. Rb2 Na4 26. Rc2 f5 27. Qg5 Rf8
28. g4 Rc5 29. Rd2 Nc3 30. gxf5 Qe5 31. Bd3 Ra5 32. Bc4 Kh8 33. Re1 Nxd5 34.
Bxd5 Rxd5 35. Rb1 Rd4 36. Qe3 Rxd2 37. Qxd2 Qf6 38. Qf2 Rd8 39. Rxb6 Qg5+ 0-1

[Event "20. Open d'escacs de Sants 2018"]
[Site "Barcelona ESP"]
[Date "2018.08.18"]
[Round "2.23"]
[White "VALSECCHI, Alessio"]
[Black "BLASCO COLL, Andreu"]
[Result "1/2-1/2"]
[WhiteElo "2500"]
[BlackElo "2238"]
[PlyCount "47"]
[EventDate "2018.08.17"]
[EventType "swiss"]
[EventRounds "10"]
[EventCountry "ESP"]
[SourceTitle "Ajedrez en Madrid"]
[Source "lmi"]
[SourceDate "2018.08.17"]
[SourceVersion "1"]
[SourceVersionDate "2019.07.10"]
[SourceQuality "1"]

1. e4 c6 2. Nc3 d5 3. Nf3 Nf6 4. e5 Ne4 5. Bd3 Nc5 6. Be2 d4 7. b4 dxc3 8. bxc5
cxd2+ 9. Bxd2 e6 10. O-O Nd7 11. Qc1 Be7 12. Rd1 Qc7 13. Bc3 Nxc5 14. Rd4 b6
15. Qf4 O-O 16. Rad1 Bb7 17. Ng5 h6 18. Nf3 Rad8 19. Qg3 Ba6 20. Bxa6 Nxa6 21.
Bd2 Rxd4 22. Nxd4 Kh8 23. Qh3 Kg8 24. Qg3 1/2-1/2